Statistics for 5 Biggest Countries With Coastline With

Click here to take the quiz!

General Stats

  • This quiz has been taken 82 times
  • The average score is 22 of 25

Answer Stats

HintAnswer% Correct
Atlantic OceanCanada
99%
Atlantic OceanBrazil
97%
Indian OceanIndia
97%
Adriatic SeaItaly
97%
Atlantic OceanUSA
97%
Adriatic SeaCroatia
96%
Red SeaEgypt
93%
Atlantic OceanRussia
93%
Baltic SeaRussia
93%
Baltic SeaFinland
92%
Baltic SeaSweden
92%
Red SeaSaudi Arabia
89%
Indian OceanSaudi Arabia
89%
Baltic SeaPoland
88%
Adriatic SeaAlbania
87%
Baltic SeaGermany
87%
Adriatic SeaSlovenia
87%
Red SeaYemen
87%
Indian OceanIndonesia
84%
Indian OceanAustralia
82%
Adriatic SeaBosnia And Herzegovina
82%
Atlantic OceanArgentina
80%
Red SeaEritrea
79%
Red SeaSudan
79%
Indian OceanSudan
79%

Score Distribution

Percentile by Number Answered

Percent of People with Each Score

Your Score History

You have not taken this quiz